00975 a2200169 4500003000500000005001700005010001600022020001500038040000900053082001600062100002200078245004800100260005300148300003400201505053500235650003500770Nust20220810090905.0 a 95033405 a0024106224 cNust00a621.381,SIM1 aSimpson, Colin D.10aIndustrial electronics /cColin D. Simpson. aEnglewood Cliffs, N.J. :bPrentice Hall,cc1996. axiv, 689 p. :bill. ;c24 cm. aIntroduction (Page-1), Semiconductor Diodes (Page-10), Transistor (Page-51), Thyristors (Page-101), Industrial Control Device (Page-145), DC Motors and Control Circuits (Page-184), AC Motors and Variable Frequency Drives (Page-230), Operational Amplifier and Linear ICs (Page-264), Digital Electronics (Page-321), Analog and Digital and Digital Transducers (Page-372), Industrial Process Control (Page-419), Microprocessors and Communication Systems (Page-462), Programmable Logic Controllers (Page-491), Robotics (Page-556). 0aTelecommunication Engineering.